Personnage historique - Play-Doh - Statistiques

Statistiques générales
  • Ce quiz a été pris 163 fois
  • Le résultat moyen est 7 sur 12
Statistiques - réponses
Par images Réponse % Correct
Cléopâtre
98%
Albert Einstein
97%
Gandhi
95%
Joseph Staline
91%
Vincent van Gogh
86%
Bob Marley
83%
Marie Antoinette
70%
Confucius
29%
Benjamin Franklin
28%
Henry VIII
18%
Amelia Earhart
13%
Frederick Douglass
3%
Aucun quiz correspondant
Distribution des résultats
% des personnes avec chaque résultat
Percentile par nombre de réponses
Votre historique - résultats
Vous n’avez pas pris ce quiz